Multilingual approaches in university education : challenges and practices
Αποθηκεύτηκε σε:
| Άλλοι συγγραφείς: | , |
|---|---|
| Μορφή: | Βιβλίο |
| Γλώσσα: | English |
| Δημοσίευση: |
Maastricht :
Uitgeverij Valkhof Pers; Universiteit Maastricht,
c2003
|
| Θέματα: | |
| Ετικέτες: |
Προσθήκη ετικέτας
Δεν υπάρχουν, Καταχωρήστε ετικέτα πρώτοι!
|
MARC
| LEADER | 00000nam a2200000 i 4500 | ||
|---|---|---|---|
| 001 | 1/60401 | ||
| 008 | 040914s2003 eng d | ||
| 020 | |a 9056251600 | ||
| 035 | |l 10074287 | ||
| 040 | |a GR-MY-UA |b gre |e aacr | ||
| 041 | 0 | |a eng | |
| 082 | 0 | |a 418.0071 |2 (21) | |
| 245 | 1 | 0 | |a Multilingual approaches in university education : |b challenges and practices / |c edited by Charles van Leeuwen & Robert Wilkinson |
| 260 | |a Maastricht : |b Uitgeverij Valkhof Pers; Universiteit Maastricht, |c c2003 | ||
| 300 | |a 189 σ.; |b εικ.; |c 21 εκ. | ||
| 504 | |a Περιέχει βιβλιογραφία | ||
| 650 | 0 | 0 | |a Applied linguistics |x Education. |
| 650 | 0 | 0 | |a Language and languages |x Study and teaching. |
| 700 | 1 | |a Leeuwen, Charles van |d 1962- |4 edt | |
| 700 | 1 | |a Wilkinson, Robert. |4 edt | |
| 852 | |a INST |b LESVOS |e 20040914 |h 418.0071 MUL |p 005100027711 |q 005100027711 |t BK |y 0 | ||
| 901 | |a BIBL1-2005-2 | ||
| 909 | |a Λ |b 113122 | ||
| 922 | |a 1ΕΛΗ |b 200408 |c ΕΠΕΑΕΚ2/ΤΓ |d ΜΙΧΑΛΟΠΟΥΛΟΣ | ||
| 950 | |a 118-2004-06-14 | ||
| 970 | |a ΚΑΡΑ |b ΓΙΑΣΕΜΗ |z 2005/05/17 | ||